PS, political science & politics.

Bibliographic Details
Previous Title:PS (Washington, D.C. : Online)
Political science teacher (Online)
Uniform Title:PS, political science & politics (Online)
Corporate Author: American Political Science Association
Format: Journal
Language:English
Published: Washington, D.C. : American Political Science Association, 1988-
Subjects:
Online Availability: Check for online availability

MARC

Tag First Indicator Second Indicator Subfields
LEADER 00000cas a2200000 a 4500
001 in00001742575
005 20151025065842.0
006 m d
007 cr an|||||||||
008 020910c19889999dcuqr pso 0 a0eng c
010 |a  2002227042  |z  2001215288 
019 |a 48239225  |a 50569688 
022 0 |a 1537-5935  |l 1049-0965  |y 1049-0965  |y 0030-8269  |2 1 
029 0 |a OCLCS  |b 22543 
029 1 |a OCLCS  |b OP-27129 
029 1 |a NZ1  |b 6977473 
029 1 |a AU@  |b 000023689134 
029 1 |a AU@  |b 000044927161 
029 1 |a AU@  |b 000045714457 
029 1 |a AU@  |b 000023171511 
035 |a (OCoLC)ocm49976392 
037 |b APSA, 1527 New Hampshire Ave. NW, Washington, D.C. 20036  |c access available to APSA members and institutional subscribers only 
040 |a EYM  |c EYM  |d OCLCQ  |d OCL  |d OCLCQ  |d OCLCS  |d BUF  |d EEM  |d OCLCQ  |d DLC  |d TXA  |d UtOrBLW 
042 |a pcc  |a nsdp 
049 |a TXAM 
050 1 0 |a ISSN RECORD 
050 1 4 |a JA28  |b .P5 Electronic 
082 1 0 |a 320.05  |2 14 
130 0 |a PS, political science & politics (Online) 
210 0 |a PS polit. sci. polit.  |b (Online) 
222 0 |a PS, political science & politics  |b (Online) 
245 1 0 |a PS, political science & politics. 
246 1 |i Some providers use title:  |a PS online 
246 3 |a Political science 
246 3 |a PS, political science and politics 
246 3 |a Political science and politics 
246 3 0 |a Political science & politics 
246 3 0 |a PS 
264 1 |a Washington, D.C. :  |b American Political Science Association,  |c 1988- 
310 |a Quarterly 
336 |a text  |b txt  |2 rdacontent 
337 |a computer  |b c  |2 rdamedia 
338 |a online resource  |b cr  |2 rdacarrier 
362 0 |a Vol. 21, no. 1 (winter 1988)- 
500 |a Title from title screen (viewed June 12, 2002). 
530 |a Also issued in print. 
538 |a Mode of access: World Wide Web. 
580 |a With Mar. 1991 issue, absorbed: Political science teacher. 
588 |a Latest issue consulted: Vol. 43, no. 2 (Apr. 2010) (Cambridge University Press, viewed June 25, 2010). 
500 |a Electronic resource. 
650 0 |a Political science  |v Periodicals. 
710 2 |a American Political Science Association. 
776 1 |t PS, political science & politics  |x 1049-0965  |w (DLC) 89646026  |w (OCoLC)19491865 
780 0 0 |t PS (Washington, D.C. : Online)  |w (DLC) 2002227041  |w (OCoLC)49976386 
780 1 5 |t Political science teacher (Online) 
994 |a C0  |b TXA 
949 |a updated  |b h  |c 2011/9/28  |e coplinger  |f 9:31:37 am 
999 |a MARS 
999 f f |s 1405a0c0-11f6-357a-adb1-c24b7a1142e0  |i c7bcdc97-ce79-3b76-bae4-726710057dfd  |t 0 
952 f f |a Texas A&M University  |b College Station  |c Electronic Resources  |d Available Online  |t 0  |e JA28 .P5  |g Electronic  |h Library of Congress classification 
998 f f |a JA28 .P5  |t 0  |l Available Online